| 000 | 00413nam a2200157Ia 4500 | ||
|---|---|---|---|
| 008 | 230312s9999||||xx |||||||||||||| ||und|| | ||
| 020 | _a81-7758-811-7 | ||
| 082 |
_a332.632 _bFIS |
||
| 100 | _aFischer, Donald E | ||
| 245 | 0 | _aSecurity Analysis and Portfolio Management | |
| 260 |
_bPearson Education _aNew Dehli _c2006 |
||
| 300 | _a702 | ||
| 546 | _aEng. | ||
| 650 |
_aManagement _vRisk and return |
||
| 942 | _cBK | ||
| 999 |
_c2343 _d2343 |
||